Josei no shokugyō kyaria ishiki to shūgyō kōdō ni kansuru kenkyū.
Saved in:
| Corporate Author: | |
|---|---|
| Format: | Book |
| Language: | Japanese |
| Published: |
Tōkyō :
Nihon Rōdō Kenkyū Kikō,
1997.
|
| Series: | Chōsa kenkyū hōkokusho (Nihon Rōdō Kenkyū Kikō) ;
no. 99. |
| Subjects: | |
| Tags: |
Add Tag
No Tags, Be the first to tag this record!
|
| LEADER | 00680nam a22002057a 4500 | ||
|---|---|---|---|
| 001 | 007802468-4 | ||
| 005 | 20020606104010.5 | ||
| 008 | 960604s1997 ja 000|0 jpn d | ||
| 035 | 0 | |a ocm39688129 | |
| 043 | |a a-ja--- | ||
| 245 | 0 | 0 | |a Josei no shokugyō kyaria ishiki to shūgyō kōdō ni kansuru kenkyū. |
| 260 | |a Tōkyō : |b Nihon Rōdō Kenkyū Kikō, |c 1997. | ||
| 300 | |a 260 p. ; |c 26 cm. | ||
| 490 | 1 | |a Chōsa kenkyū hōkokusho ; |v no. 99 | |
| 650 | 0 | |a Women |x Employment |z Japan. | |
| 650 | 0 | |a Women |z Japan |x Social conditions. | |
| 710 | 2 | |a Nihon Rōdō Kenkyū Kikō. | |
| 830 | 0 | |a Chōsa kenkyū hōkokusho (Nihon Rōdō Kenkyū Kikō) ; |v no. 99. | |
| 988 | |a 20020608 | ||
| 906 | |0 MH | ||


